[Event "NOR-ch Seniors-A"]
[Site "Lillehammer"]
[Date "2013.06.29"]
[Round "2"]
[White "Ovesen, Karsten"]
[Black "Fystro, Odd Ivar"]
[Result "1/2-1/2"]
[WhiteElo "1672"]
[BlackElo "1354"]
[PlyCount "72"]
[EventDate "2013.06.29"]
[EventType "swiss"]
[EventRounds "9"]
[EventCountry "NOR"]
[SourceTitle "EXT 2017"]
[Source "ChessBase"]
[SourceDate "2016.10.25"]
[SourceVersion "1"]
[SourceVersionDate "2016.10.25"]
[SourceQuality "1"]

1. d4 d5 2. Nf3 Nf6 3. Bg5 e6 4. e3 Be7 5. Bd3 Nbd7 6. Nbd2 0-0 7. h4 c5 8. Bxf6 Nxf6 9. c3 b6 10. Ne5 Bb7 11. g4 Ne4 12. g5 f6 13. Nef3 Bd6 14. Qc2 f5 15. Ne5 Qc7 16. f4 Bxe5 17. fxe5 c4 18. Be2 Ng3 19. Rg1 Nxe2 20. Kxe2 Bc6 21. g6 h6 22. Raf1 Qd7 23. Nf3 Qe7 24. Qd2 Qd7 25. Ke1 Qe7 26. Qh2 b5 27. Ng5 Bd7 28. Nf7 b4 29. Nd6 bxc3 30. bxc3 Rab8 31. Rg2 Rb1+ 32. Kf2 Rfb8 33. Rxb1 Rxb1 34. Kg3 Bc6 35. Rb2 Rxb2 36. Qxb2 Qc7 1/2-1/2

[Event "EU-chT Seniors"]
[Site "Rogaska Slatina"]
[Date "2012.04.01"]
[Round "6.22"]
[White "Andersson, Kaj Ake"]
[Black "Ovesen, Karsten"]
[Result "1-0"]
[WhiteElo "2058"]
[BlackElo "1893"]
[PlyCount "81"]
[EventDate "2012.03.27"]
[EventType "team-swiss"]
[EventRounds "9"]
[EventCountry "SLO"]
[SourceTitle "CBM 147 Extra"]
[Source "ChessBase"]
[SourceDate "2012.04.24"]
[SourceVersion "1"]
[SourceVersionDate "2012.04.24"]
[SourceQuality "1"]
[WhiteTeam "Sweden (Seniors) III"]
[BlackTeam "Norway (Seniors) IV"]
[WhiteTeamCountry "SWE"]
[BlackTeamCountry "NOR"]

1. e4 c6 2. d4 d5 3. e5 Bf5 4. Nf3 e6 5. Be2 Ne7 6. 0-0 Bg6 7. c3 Nf5 8. b4 Nd7 9. Nbd2 a5 10. b5 c5 11. a4 cxd4 12. cxd4 Bb4 13. Qb3 0-0 14. Bb2 Rc8 15. Rac1 Nb6 16. h3 Qd7 17. g4 Ne7 18. Ba3 Rxc1 19. Rxc1 Bxa3 20. Qxa3 Rc8 21. Rc5 Na8 22. b6 Nxb6 23. Rxa5 h6 24. Rb5 Rc6 25. Qb4 Rc1+ 26. Kh2 Nc6 27. Qa3 Rc2 28. Rxb6 Nxd4 29. Nxd4 Rxd2 30. Qb4 Qc7 31. Qxd2 Qxb6 32. Bb5 Qc7 33. Qe3 Qa5 34. f4 Be4 35. Kg3 Qc7 36. Ne2 Qc2 37. Kh4 Qc7 38. Bd3 Qe7+ 39. Kg3 Qa3 40. Nc1 Bh7 41. Bxh7+ 1-0

[Event "EU-chT Seniors"]
[Site "Rogaska Slatina"]
[Date "2012.03.31"]
[Round "5.22"]
[White "Niebuhr, Gerd"]
[Black "Ovesen, Karsten"]
[Result "1/2-1/2"]
[WhiteElo "2079"]
[BlackElo "1893"]
[PlyCount "51"]
[EventDate "2012.03.27"]
[EventType "team-swiss"]
[EventRounds "9"]
[EventCountry "SLO"]
[SourceTitle "CBM 147 Extra"]
[Source "ChessBase"]
[SourceDate "2012.04.24"]
[SourceVersion "1"]
[SourceVersionDate "2012.04.24"]
[SourceQuality "1"]
[WhiteTeam "Niedersachsen (Seniors)"]
[BlackTeam "Norway (Seniors) IV"]
[WhiteTeamCountry "GER"]
[BlackTeamCountry "NOR"]

1. d4 d5 2. c4 c6 3. Nf3 Nf6 4. Nc3 dxc4 5. a4 Bf5 6. e3 e6 7. Bxc4 Bd6 8. 0-0 0-0 9. Qe2 Bg6 10. e4 Be7 11. Bg5 h6 12. Bf4 Nbd7 13. Rad1 Bb4 14. Ne5 Bh7 15. f3 Qb6 16. Be3 Qa5 17. Nxd7 Nxd7 18. Bd2 Qh5 19. Na2 Bd6 20. e5 Bc7 21. Bf4 Qh4 22. Bg3 Qe7 23. Nc3 Nb6 24. b3 Rad8 25. Ne4 Bxe4 26. fxe4 1/2-1/2

[Event "EU-chT Seniors 12th"]
[Site "Dresden"]
[Date "2010.02.18"]
[Round "9"]
[White "Johannsen, Ingbert"]
[Black "Ovesen, Karsten"]
[Result "1/2-1/2"]
[WhiteElo "2071"]
[BlackElo "1883"]
[PlyCount "56"]
[EventDate "2010.02.10"]
[EventType "team-swiss"]
[EventRounds "9"]
[EventCountry "GER"]
[SourceTitle "CBM 134 Extra"]
[Source "ChessBase"]
[SourceDate "2010.03.03"]
[SourceVersion "1"]
[SourceVersionDate "2010.03.03"]
[SourceQuality "1"]
[WhiteTeam "Stoertebeker (Seniors)"]
[BlackTeam "Norway (Seniors) III"]
[WhiteTeamCountry "GER"]
[BlackTeamCountry "NOR"]

1. e4 c6 2. d3 d5 3. f3 dxe4 4. fxe4 e5 5. Nf3 Ne7 6. Nbd2 Ng6 7. g3 Bc5 8. Bg2 0-0 9. Qe2 Be6 10. Nb3 Bb6 11. Ng5 Bxb3 12. axb3 h6 13. Nf3 Nd7 14. Bd2 Qc7 15. h4 Bd4 16. h5 Ne7 17. c3 Bb6 18. Nh4 Nc5 19. b4 Nb3 20. Ra3 Nxd2 21. Kxd2 c5 22. bxc5 Bxc5 23. b4 Bb6 24. Bh3 Rad8 25. Nf5 Nxf5 26. Bxf5 Rd6 27. Rf1 Rfd8 28. Rf3 Qe7 1/2-1/2

[Event "EU-chT Seniors 12th"]
[Site "Dresden"]
[Date "2010.02.14"]
[Round "5"]
[White "Bisse, Vilorij"]
[Black "Ovesen, Karsten"]
[Result "1-0"]
[WhiteElo "1930"]
[BlackElo "1883"]
[PlyCount "97"]
[EventDate "2010.02.10"]
[EventType "team-swiss"]
[EventRounds "9"]
[EventCountry "GER"]
[SourceTitle "CBM 134 Extra"]
[Source "ChessBase"]
[SourceDate "2010.03.03"]
[SourceVersion "1"]
[SourceVersionDate "2010.03.03"]
[SourceQuality "1"]
[WhiteTeam "Dresden (Seniors)"]
[BlackTeam "Norway (Seniors) III"]
[WhiteTeamCountry "GER"]
[BlackTeamCountry "NOR"]

1. e4 c6 2. Nf3 d5 3. exd5 cxd5 4. d4 Nf6 5. Bd3 Bg4 6. 0-0 e6 7. c3 Bd6 8. Bg5 0-0 9. Nbd2 Nbd7 10. Bh4 Qc7 11. Bg3 a6 12. Qe1 Bh5 13. Ne5 Rac8 14. f4 b5 15. a3 Qb6 16. Kh1 Bb8 17. f5 Rce8 18. Nxd7 Nxd7 19. Bxb8 Qxb8 20. Qh4 Nf6 21. Nf3 Bxf3 22. Rxf3 e5 23. dxe5 Qxe5 24. Qf4 Qxf4 25. Rxf4 Re3 26. Rd1 Rfe8 27. Kg1 Re1+ 28. Rf1 R1e3 29. Rd2 Ne4 30. Bxe4 dxe4 31. Rfd1 Rd3 32. Rxd3 exd3 33. Rxd3 h5 34. Kf2 Re5 35. Rf3 Kf8 36. h3 Ke7 37. Re3 f6 38. g4 hxg4 39. hxg4 Kd6 40. Rxe5 Kxe5 41. Ke3 Kd5 42. b3 a5 43. Kd3 Ke5 44. c4 b4 45. axb4 axb4 46. Ke3 Kd6 47. Kd4 Kc6 48. c5 Kb5 49. Kd5 1-0

[Event "EU-chT Seniors 12th"]
[Site "Dresden"]
[Date "2010.02.12"]
[Round "3"]
[White "Ovesen, Karsten"]
[Black "Wilson, Peter JB"]
[Result "1/2-1/2"]
[WhiteElo "1883"]
[BlackElo "1995"]
[PlyCount "50"]
[EventDate "2010.02.10"]
[EventType "team-swiss"]
[EventRounds "9"]
[EventCountry "GER"]
[SourceTitle "CBM 134 Extra"]
[Source "ChessBase"]
[SourceDate "2010.03.03"]
[SourceVersion "1"]
[SourceVersionDate "2010.03.03"]
[SourceQuality "1"]
[WhiteTeam "Norway (Seniors) III"]
[BlackTeam "England (Seniors) II"]
[WhiteTeamCountry "NOR"]
[BlackTeamCountry "ENG"]

1. d4 f5 2. Nf3 e6 3. Bg5 Nf6 4. e3 d5 5. Nbd2 Be7 6. Ne5 0-0 7. Bd3 Ne4 8. Bxe7 Qxe7 9. 0-0 Nxd2 10. Qxd2 Nd7 11. f4 Nxe5 12. fxe5 Bd7 13. Rf2 Kh8 14. Qe2 Qg5 15. Raf1 Be8 16. Rf4 Qh5 17. g4 Qg5 18. Kh1 g6 19. e4 dxe4 20. Bxe4 c6 21. gxf5 gxf5 22. Qf2 Bg6 23. Rg1 Qe7 24. Rg3 Rg8 25. Rh4 Rg7 1/2-1/2

[Event "Nordic-ch Seniors"]
[Site "Fredrikstad"]
[Date "2009.09.25"]
[Round "7"]
[White "Grabow, Pouelsten Holm"]
[Black "Ovesen, Karsten"]
[Result "1-0"]
[WhiteElo "2204"]
[BlackElo "1898"]
[PlyCount "27"]
[EventDate "2009.09.10"]
[EventType "swiss"]
[EventRounds "9"]
[EventCountry "NOR"]
[SourceTitle "EXT 2012"]
[Source "ChessBase"]
[SourceDate "2011.11.24"]
[SourceVersion "1"]
[SourceVersionDate "2011.11.24"]
[SourceQuality "1"]

1. c4 c6 2. d4 d5 3. Nf3 Nf6 4. Nc3 Bg4 5. cxd5 cxd5 6. Qb3 Bc8 7. Bf4 a6 8. e3 e6 9. Bxb8 Rxb8 10. Bxa6 Bd6 11. Bb5+ Nd7 12. 0-0 0-0 13. Rfc1 f5 14. Nxd5 1-0

[Event "EU-ch Seniors 09th"]
[Site "Rogaska Slatina"]
[Date "2009.07.29"]
[Round "8"]
[White "White, Alastair F"]
[Black "Ovesen, Karsten"]
[Result "1-0"]
[WhiteElo "2114"]
[BlackElo "1918"]
[PlyCount "43"]
[EventDate "2009.07.22"]
[EventType "swiss"]
[EventRounds "9"]
[EventCountry "SLO"]
[SourceTitle "CBM 131 Extra"]
[Source "ChessBase"]
[SourceDate "2009.09.03"]
[SourceVersion "2"]
[SourceVersionDate "2009.09.16"]
[SourceQuality "1"]

1. d4 d5 2. c4 c6 3. Nf3 Nf6 4. Nc3 a6 5. c5 b5 6. cxb6 Qxb6 7. g3 e6 8. Bg2 Bd6 9. 0-0 0-0 10. Qc2 Bb7 11. a3 Nbd7 12. Be3 Rac8 13. b4 Qc7 14. Na4 a5 15. Nc5 axb4 16. axb4 Ra8 17. Rab1 h6 18. Rfc1 Rfc8 19. Qb2 Nb6 20. Nd2 Na4 21. Qb3 Nxc5 22. bxc5 1-0

[Event "EU-ch Seniors 09th"]
[Site "Rogaska Slatina"]
[Date "2009.07.24"]
[Round "3"]
[White "Grabow, Pouelsten Holm"]
[Black "Ovesen, Karsten"]
[Result "1-0"]
[WhiteElo "2188"]
[BlackElo "1918"]
[PlyCount "93"]
[EventDate "2009.07.22"]
[EventType "swiss"]
[EventRounds "9"]
[EventCountry "SLO"]
[SourceTitle "CBM 131 Extra"]
[Source "ChessBase"]
[SourceDate "2009.09.03"]
[SourceVersion "2"]
[SourceVersionDate "2009.09.16"]
[SourceQuality "1"]

1. c4 Nf6 2. Nf3 c6 3. Nc3 d5 4. cxd5 cxd5 5. d4 a6 6. Bf4 e6 7. Rc1 Bd6 8. Bxd6 Qxd6 9. Nxd5 Nc6 10. Nxf6+ gxf6 11. Qd2 b5 12. e3 Bb7 13. Be2 0-0 14. 0-0 Kh8 15. Rfd1 Ne7 16. Ne1 Rac8 17. Rxc8 Rxc8 18. Rc1 Rd8 19. Bf3 Bxf3 20. Nxf3 Rd7 21. h3 Kg7 22. Qc3 Qd5 23. b3 Qe4 24. Qc2 Qb7 25. Nd2 f5 26. Qb2 Qd5 27. Rc5 Qd6 28. Nf3 Nd5 29. Ne5 Rc7 30. Nd3 Kg6 31. Qc1 Kf6 32. Nb4 Rxc5 33. dxc5 Qc7 34. Nxd5+ exd5 35. b4 Ke6 36. Qc3 f6 37. Qd4 Qc6 38. Qf4 Qd7 39. Qb8 Qc6 40. Qg8+ Ke5 41. Qxh7 Ke4 42. Qh4+ Kd3 43. Qd4+ Kc2 44. Qf4 Qe6 45. Qd6 Qe5 46. Qxe5 fxe5 47. c6 1-0

[Event "EU-chT Seniors 10th"]
[Site "Dresden"]
[Date "2008.02.13"]
[Round "3.4"]
[White "Ovesen, Karsten"]
[Black "Siegel, Paul"]
[Result "1/2-1/2"]
[WhiteElo "1937"]
[BlackElo "1355"]
[PlyCount "48"]
[EventDate "2008.02.11"]
[EventType "team-swiss"]
[EventRounds "9"]
[EventCountry "GER"]
[SourceTitle "CBM 122 Extra"]
[Source "ChessBase"]
[SourceDate "2008.03.04"]
[SourceVersion "1"]
[SourceVersionDate "2008.03.04"]
[SourceQuality "1"]
[WhiteTeam "Mecklenburg Vorpommern"]
[BlackTeam "Heidenau"]
[WhiteTeamCountry "GER"]
[BlackTeamCountry "GER"]

1. d4 d5 2. Nf3 e6 3. Bg5 Be7 4. Bxe7 Nxe7 5. e3 Nbc6 6. c4 b6 7. Bd3 a5 8. a3 Bd7 9. Nbd2 Na7 10. cxd5 exd5 11. Rc1 Bb5 12. Bxb5+ Nxb5 13. Qa4 c6 14. Ne5 Rc8 15. Nxc6 Rxc6 16. Qxb5 Qd7 17. Rxc6 Qxc6 18. Qxc6+ Nxc6 19. Ke2 Kd7 20. Rc1 Rc8 21. Nb1 Nxd4+ 22. Kd1 Rxc1+ 23. Kxc1 Ne6 24. Kd2 Kc6 1/2-1/2

[Event "EU-chT Seniors 10th"]
[Site "Dresden"]
[Date "2008.02.12"]
[Round "2.4"]
[White "Pemberton, Clive H"]
[Black "Ovesen, Karsten"]
[Result "1/2-1/2"]
[WhiteElo "1910"]
[BlackElo "1937"]
[PlyCount "46"]
[EventDate "2008.02.11"]
[EventType "team-swiss"]
[EventRounds "9"]
[EventCountry "GER"]
[SourceTitle "CBM 122 Extra"]
[Source "ChessBase"]
[SourceDate "2008.03.04"]
[SourceVersion "1"]
[SourceVersionDate "2008.03.04"]
[SourceQuality "1"]
[WhiteTeam "England III"]
[BlackTeam "Mecklenburg Vorpommern"]
[WhiteTeamCountry "ENG"]
[BlackTeamCountry "GER"]

1. e4 c6 2. Nf3 d5 3. exd5 cxd5 4. d4 Bf5 5. Bf4 Nf6 6. c4 e6 7. Nc3 Bd6 8. Bxd6 Qxd6 9. c5 Qd8 10. Bb5+ Nbd7 11. 0-0 0-0 12. Nh4 Be4 13. f3 Bg6 14. Nxg6 hxg6 15. Ba4 a6 16. b4 Nb8 17. Bb3 Nc6 18. a3 Qc7 19. Qd2 b5 20. a4 Qb7 21. Rfc1 Rfc8 22. axb5 axb5 23. Na2 Ra3 1/2-1/2

[Event "Nordic-ch Seniors"]
[Site "Helsingor"]
[Date "2007.07.29"]
[Round "9"]
[White "Christiansen, Niels Jorgen"]
[Black "Ovesen, Karsten"]
[Result "0-1"]
[WhiteElo "1426"]
[BlackElo "1428"]
[PlyCount "32"]
[EventDate "2007.07.21"]
[EventType "swiss"]
[EventRounds "9"]
[EventCountry "DEN"]
[SourceTitle "EXT 2010"]
[Source "ChessBase"]
[SourceDate "2010.11.25"]
[SourceVersion "1"]
[SourceVersionDate "2010.11.25"]
[SourceQuality "1"]

1. Nf3 Nc6 2. d4 d5 3. e3 Nf6 4. c4 e6 5. Nc3 Bb4 6. a3 Bxc3+ 7. bxc3 0-0 8. cxd5 exd5 9. Qc2 Bg4 10. c4 Bh5 11. cxd5 Nxd5 12. Rb1 Rb8 13. Bd2 Nf6 14. Rc1 Re8 15. Bb5 Bxf3 16. gxf3 Nxd4 0-1